| 000 | 01202cac a22002531u 4500 | ||
|---|---|---|---|
| 008 | 090113t 1999xxu||||| |||| 00| 0 eng d | ||
| 010 | _a98024282 | ||
| 020 | _a0132726831 | ||
| 020 | _a0139777784 | ||
| 082 | 0 | 0 |
_a658.1511 _bHOR |
| 100 | _aHorngren, Charles T., | ||
| 245 | 1 | 0 |
_aIntroduction to Management Accounting / _cCharles T. Horngren, Gary L. Sundem, William O. Stratton. |
| 250 |
_a11th ed. _bInternational Edition. |
||
| 260 |
_aUpper Saddle River, N.J. : _bPrentice Hall, _cc1999. |
||
| 300 |
_a1 v. (various pagings) : _bill. (some col.) ; _c29 cm. |
||
| 440 | 0 | _aCharles T. Horngren series in accounting | |
| 504 | _aIncludes bibliographical references and index. | ||
| 650 | 0 | _aManagerial accounting. | |
| 700 | 1 | _aSundem, Gary L. | |
| 700 | 1 | _aStratton, William O. | |
| 942 |
_cBB _k658.1511HOR _2ddc |
||
| 999 |
_c9747 _d9747 |
||